Coralie Rames - Statistiques

Statistiques générales
  • Ce quiz a été pris 17 fois
  • Le résultat moyen est 11 sur 20
Statistiques - réponses
Hint Réponse % Correct
qui est sa copine préférée Ambrune
91%
coralie est-elle une gold girl ou une silver girl silver
91%
il est comment le parc derrière l'isfa bondé
82%
quel est son nombre préféré 12
73%
qui est la dernière personne qu'elle à pecho Adrien (le Kev)
73%
dans quelle boîte va-t-elle en stage aVB
73%
quel est son artiste le plus écouté en 2024 JuL (la honte)
73%
de quelle emission a-t-elle été le premier guest Mortisfa
64%
quelle boîte s'est elle mise à dos Actuélia
55%
prénom de son petit frère Célian
55%
quel est son brawler préféré Ambre
45%
qui est son cantinier préféré Didier
45%
prénom de son papa Patrice
45%
où habite sa maman Poux
45%
quel est son sport préféré zumba
45%
qui est son youtubeur préféré Inoxtag
36%
à quoi ressemble son appartement la chambre d'harry potter
36%
qui est la personne qu'elle déteste le plus à l'ISFA Marie Vergnol
36%
quel est son animal de compagnie rat
36%
prénom de sa maman Sylvie
36%
Aucun quiz correspondant
Distribution des résultats
% des personnes avec chaque résultat
Percentile par nombre de réponses
Votre historique - résultats
Vous n’avez pas pris ce quiz